[Event "Colin Crouch Masters 1st"]
[Site "Harrow High School"]
[Date "2016.04.04"]
[Round "3.3"]
[White "Vakhidov, Jahongir"]
[Black "Jackson, James P"]
[Result "1-0"]
[WhiteElo "2576"]
[BlackElo "2348"]
[PlyCount "117"]
[EventDate "2016.04.02"]
[EventType "swiss"]
[EventRounds "9"]
[EventCountry "ENG"]
[Source "John Saunders"]
[SourceDate "2016.04.28"]
[WhiteClock "0:04:03"]
[BlackClock "0:04:56"]

1. c4 Nf6 2. g3 c6 3. Bg2 d5 4. Nf3 g6 5. b3 Bg7 6. Bb2 O-O 7. d3 Bg4 8. Nbd2
a5 9. Qc2 Bxf3 10. Nxf3 e6 11. O-O Na6 12. a3 Nd7 13. d4 Nc7 14. e4 dxe4 15.
Qxe4 Qe7 16. Rfe1 Rfd8 17. Rad1 Ne8 18. h4 Ndf6 19. Qc2 Qc7 20. Ne5 Nd7 21. f4
Nef6 22. Bf3 h5 23. Kg2 Nxe5 24. fxe5 Nd7 25. Qe4 Re8 26. c5 Red8 27. Bc1 Nf8
28. Bg5 Rd7 29. Rb1 Nh7 30. Be3 Qd8 31. Re2 Qf8 32. b4 axb4 33. axb4 Bh6 34.
Bf2 f5 35. exf6 Nxf6 36. Qxe6+ Kh8 37. b5 Re8 38. Qc4 Rxe2 39. Qxe2 Re7 40. Qd3
Ng4 41. Bxg4 hxg4 42. bxc6 bxc6 43. d5 cxd5 44. Qd4+ Bg7 45. Qxg4 Qf7 46. Qf3
d4 47. Rb8+ Kh7 48. Qxf7 Rxf7 49. Rd8 g5 50. h5 Rc7 51. Rd5 g4 52. Kf1 Rf7 53.
Ke2 Rf3 54. Rd7 Kh6 55. c6 Be5 56. Rd5 Bxg3 57. Bxd4 Bf4 58. Rf5 Bc7 59. Be3+
1-0

[Event "Colin Crouch Masters 1st"]
[Site "Harrow High School"]
[Date "2016.04.04"]
[Round "3.4"]
[White "Lalic, Bogdan"]
[Black "Fodor, Tamas Jr"]
[Result "1/2-1/2"]
[WhiteElo "2425"]
[BlackElo "2505"]
[PlyCount "112"]
[EventDate "2016.04.02"]
[EventType "swiss"]
[EventRounds "9"]
[EventCountry "ENG"]
[Source "John Saunders"]
[SourceDate "2016.04.28"]
[WhiteClock "0:47:37"]
[BlackClock "0:13:50"]

1. d4 d5 2. c4 c6 3. Nf3 Nf6 4. Nc3 e6 5. Qb3 dxc4 6. Qxc4 b5 7. Qd3 Bb7 8. a3
Nbd7 9. e4 c5 10. Qxb5 Qc8 11. d5 exd5 12. exd5 Bd6 13. Qe2+ Kf8 14. Qd1 a6 15.
Be2 Qc7 16. O-O h6 17. h3 Nb6 18. Nd2 Nbxd5 19. Nxd5 Nxd5 20. Bf3 c4 21. Qc2
Rc8 22. Qxc4 Qxc4 23. Nxc4 Rxc4 24. Rd1 Ke7 25. Bxd5 Bxd5 26. Rxd5 Rd8 27. Kf1
Ke6 28. Ra5 Bc5 29. Be3 Bxe3 30. Re1 Rd3 31. Rxe3+ Rxe3 32. fxe3 Rc1+ 33. Ke2
Rc2+ 34. Kf3 Rxb2 35. Rxa6+ Ke7 36. a4 h5 37. h4 g6 38. a5 Ra2 39. Ra8 Kf6 40.
a6 Ra4 41. g3 Kg7 42. e4 Kf6 43. a7 Kg7 44. e5 Kh7 45. Ke3 Kg7 46. Kd3 Kh7 47.
Kc3 Kg7 48. Kb3 Ra1 49. Kb4 Rb1+ 50. Kc5 Ra1 51. e6 fxe6 52. Kd6 Ra6+ 53. Ke5
Ra5+ 54. Kxe6 Ra6+ 55. Kd5 Ra1 56. Kc5 Rc1+ 1/2-1/2

[Event "Colin Crouch Masters 1st"]
[Site "Harrow High School"]
[Date "2016.04.04"]
[Round "3.5"]
[White "Eggleston, David J"]
[Black "Santos Ruiz, Miguel"]
[Result "0-1"]
[WhiteElo "2400"]
[BlackElo "2422"]
[PlyCount "106"]
[EventDate "2016.04.02"]
[EventType "swiss"]
[EventRounds "9"]
[EventCountry "ENG"]
[Source "John Saunders"]
[SourceDate "2016.04.28"]
[WhiteClock "0:23:31"]
[BlackClock "0:38:05"]

1. e4 c5 2. d4 cxd4 3. Nf3 e6 4. Nxd4 Nc6 5. Nc3 Qc7 6. Be3 a6 7. Bd3 Nf6 8.
O-O b5 9. Nxc6 Qxc6 10. f3 Bc5 11. Qe1 d6 12. Kh1 Bxe3 13. Qxe3 O-O 14. a4 b4
15. Na2 a5 16. c3 Ba6 17. cxb4 Bxd3 18. Qxd3 Qxa4 19. b5 d5 20. Nc3 Qb3 21.
Rfb1 Rfd8 22. Ra3 Qb4 23. Ra4 dxe4 24. Qf1 Qc5 25. Rc4 Qh5 26. Qf2 exf3 27.
gxf3 Nd5 28. b6 Nxb6 29. Rh4 Qf5 30. Rg1 Nd5 31. Rhg4 g6 32. Rg5 Qf4 33. Ne4
Nf6 34. Qg3 Qxg3 35. Nxf6+ Kg7 36. Nh5+ Kh6 37. R1xg3 gxh5 38. Rc5 a4 39. Rc7
Rd1+ 40. Kg2 Rf8 41. Rc4 Rb8 42. Kh3 Rxb2 43. Rf4 f5 44. Rxa4 Rdd2 45. Kh4
Rxh2+ 46. Rh3 Rxh3+ 47. Kxh3 Rb3 48. Kg3 Kg5 49. Ra8 h4+ 50. Kf2 Rb2+ 51. Ke3
h3 52. Rg8+ Kh4 53. Rg7 h5 0-1

[Event "Colin Crouch Masters 1st"]
[Site "Harrow High School"]
[Date "2016.04.04"]
[Round "3.6"]
[White "Batchelor, Peter J"]
[Black "Tarhon, Brian"]
[Result "1/2-1/2"]
[WhiteElo "2335"]
[BlackElo "2293"]
[PlyCount "56"]
[EventDate "2016.04.02"]
[EventType "swiss"]
[EventRounds "9"]
[EventCountry "ENG"]
[Source "John Saunders"]
[SourceDate "2016.04.28"]
[WhiteClock "0:08:13"]
[BlackClock "0:15:26"]

1. d4 Nf6 2. c4 e6 3. Nc3 Bb4 4. e3 b6 5. Nge2 Bb7 6. a3 Bxc3+ 7. Nxc3 O-O 8.
Bd3 d5 9. cxd5 Nxd5 10. Qc2 h6 11. O-O Nd7 12. Nxd5 exd5 13. b4 Rc8 14. Bb2 c6
15. Rac1 Nf6 16. Bf5 Rc7 17. b5 Ne8 18. bxc6 Bxc6 19. Qe2 Nd6 20. Bd3 Re8 21.
Rc2 Ba4 22. Rxc7 Qxc7 23. Rc1 Qd7 24. h3 Bb3 25. Bb1 Bc4 26. Qc2 g6 27. a4 Rc8
28. Qd1 f5 1/2-1/2

[Event "Colin Crouch Masters 1st"]
[Site "Harrow High School"]
[Date "2016.04.04"]
[Round "3.7"]
[White "Britton, Richard L"]
[Black "Wadsworth, Matthew J"]
[Result "1-0"]
[WhiteElo "2186"]
[BlackElo "2290"]
[PlyCount "59"]
[EventDate "2016.04.02"]
[EventType "swiss"]
[EventRounds "9"]
[EventCountry "ENG"]
[Source "John Saunders"]
[SourceDate "2016.04.28"]
[WhiteClock "0:15:12"]
[BlackClock "0:07:23"]

1. e4 e6 2. d3 d5 3. Nd2 c5 4. Ngf3 Nc6 5. g3 Nf6 6. Bg2 Be7 7. O-O b5 8. Re1
O-O 9. e5 Nd7 10. Nf1 a5 11. h4 b4 12. Bg5 a4 13. a3 bxa3 14. bxa3 Ba6 15. Bxe7
Qxe7 16. h5 Rfc8 17. h6 g6 18. N1h2 Nd4 19. Ng4 Nxf3+ 20. Qxf3 Rab8 21. c4 dxc4
22. dxc4 Rb3 23. Qf4 Kf8 24. Rad1 Rcb8 25. Rd6 Rb1 26. Rxb1 Rxb1+ 27. Kh2 Rb6
28. Bc6 Nb8 29. Bxa4 Rb1 30. Qd2 1-0

[Event "Colin Crouch Masters 1st"]
[Site "Harrow High School"]
[Date "2016.04.04"]
[Round "3.8"]
[White "Rudd, Jack"]
[Black "Willmoth, Robert F"]
[Result "0-1"]
[WhiteElo "2263"]
[BlackElo "2152"]
[PlyCount "82"]
[EventDate "2016.04.02"]
[EventType "swiss"]
[EventRounds "9"]
[EventCountry "ENG"]
[Source "John Saunders"]
[SourceDate "2016.04.28"]
[WhiteClock "0:57:48"]
[BlackClock "0:02:07"]

1. d4 d6 2. e4 Nf6 3. f3 e5 4. Bc4 Be7 5. Ne2 c6 6. Be3 b5 7. Bb3 Bb7 8. c3
Nbd7 9. Nd2 c5 10. Nf1 d5 11. dxe5 Nxe5 12. f4 Nc4 13. e5 Ne4 14. Bc1 O-O 15.
Nfg3 d4 16. Bc2 dxc3 17. Qxd8 Rfxd8 18. b3 Ncd2 19. Nxc3 Nxb3 20. Ncxe4 Nxa1
21. Bb1 c4 22. Bb2 Nb3 23. axb3 cxb3 24. O-O a5 25. f5 a4 26. f6 Bf8 27. e6
fxe6 28. Ng5 Rd2 29. Bxh7+ Kh8 30. fxg7+ Bxg7 31. Bxg7+ Kxg7 32. Rf7+ Kh6 33.
Nxe6 Rxg2+ 34. Kf1 Rxg3 35. hxg3 Bd5 36. Bf5 Bxe6 37. Bxe6 b2 38. Ba2 Rc8 39.
Ke2 Rc1 40. Kd3 b4 41. Rf2 a3 0-1

[Event "Colin Crouch Masters 1st"]
[Site "Harrow High School"]
[Date "2016.04.04"]
[Round "3.9"]
[White "Lyell, Mark"]
[Black "Stanisz, Patryk"]
[Result "1-0"]
[WhiteElo "2242"]
[BlackElo "2128"]
[PlyCount "123"]
[EventDate "2016.04.02"]
[EventType "swiss"]
[EventRounds "9"]
[EventCountry "ENG"]
[Source "John Saunders"]
[SourceDate "2016.04.28"]
[WhiteClock "0:04:02"]
[BlackClock "0:00:39"]

1. e4 c5 2. c3 Nf6 3. e5 Nd5 4. Nf3 Nc6 5. Bc4 Nb6 6. Bb3 d5 7. exd6 Qxd6 8.
Na3 Be6 9. d4 cxd4 10. Nb5 Qd7 11. O-O Bxb3 12. axb3 a6 13. Nbxd4 Nxd4 14. Qxd4
Qxd4 15. Nxd4 O-O-O 16. Re1 e6 17. Nf3 Bd6 18. Be3 Nd5 19. Bd4 Rhg8 20. g3 h6
21. Ra4 Ne7 22. c4 Nc6 23. Bc3 Be7 24. b4 Bf6 25. Bxf6 gxf6 26. b5 axb5 27.
cxb5 Ne7 28. Nd4 Nd5 29. Ne2 Kc7 30. Rh4 Rg6 31. Rd1 Ra8 32. Nc3 Nb6 33. Kg2
Rd8 34. Rxd8 Kxd8 35. Kf3 f5 36. Ke3 Ke7 37. h3 e5 38. Rh5 Ke6 39. b3 Nd7 40.
Rh4 Nb6 41. Kd3 Ke7 42. Rh5 Rd6+ 43. Kc2 Rf6 44. f3 Ke6 45. g4 fxg4 46. fxg4
Rf2+ 47. Kd3 Rf3+ 48. Kd2 Nd5 49. Rxh6+ f6 50. Ne4 Kf7 51. g5 Rxb3 52. Nxf6
Rxb5 53. Nxd5 Rxd5+ 54. Ke3 Rd4 55. h4 Rf4 56. h5 b5 57. Rb6 Rf5 58. g6+ Kg7
59. Rb7+ Kg8 60. h6 Rf6 61. h7+ Kh8 62. Rb8+ 1-0

[Event "Colin Crouch Masters 1st"]
[Site "Harrow High School"]
[Date "2016.04.04"]
[Round "3.10"]
[White "Warman, Simon M"]
[Black "Osborne, Marcus E"]
[Result "0-1"]
[WhiteElo "2130"]
[BlackElo "2213"]
[PlyCount "66"]
[EventDate "2016.04.02"]
[EventType "swiss"]
[EventRounds "9"]
[EventCountry "ENG"]
[Source "John Saunders"]
[SourceDate "2016.04.28"]
[WhiteClock "0:01:02"]
[BlackClock "0:04:30"]

1. e4 e6 2. d4 d5 3. Nd2 Nf6 4. e5 Nfd7 5. Bd3 c5 6. c3 Nc6 7. Qg4 f5 8. Qf4
cxd4 9. cxd4 g5 10. Qe3 h5 11. Ne2 Bh6 12. h4 g4 13. Nf4 Qb6 14. Nb3 a5 15. Qg3
a4 16. Nxe6 axb3 17. Bxh6 Rxh6 18. Ng7+ Kd8 19. Nxf5 Qb4+ 20. Kf1 bxa2 21. Kg1
Re6 22. Qf4 Qxb2 23. Kh2 Ra3 24. Ng7 Nxd4 25. Qxd4 Rb6 26. Qxd5 Qxe5+ 27. Qxe5
Nxe5 28. Be4 g3+ 29. fxg3 Ng4+ 30. Kg1 Rb4 31. Bh7 Rc4 32. Nxh5 Rc1+ 33. Rxc1
a1=Q 0-1

[Event "Colin Crouch Masters 1st"]
[Site "Harrow High School"]
[Date "2016.04.04"]
[Round "3.11"]
[White "Grieve, Harry"]
[Black "Jones, Steven A"]
[Result "1/2-1/2"]
[WhiteElo "2106"]
[BlackElo "2211"]
[PlyCount "143"]
[EventDate "2016.04.02"]
[EventType "swiss"]
[EventRounds "9"]
[EventCountry "ENG"]
[Source "John Saunders"]
[SourceDate "2016.04.28"]
[WhiteClock "0:06:33"]
[BlackClock "0:07:45"]

1. e4 c5 2. Nf3 Nf6 3. e5 Nd5 4. c3 Nc6 5. Bc4 e6 6. d4 cxd4 7. cxd4 d6 8. O-O
Be7 9. Re1 O-O 10. Bxd5 exd5 11. Bf4 Bg4 12. exd6 Bxd6 13. Bxd6 Qxd6 14. Nc3
Rad8 15. Re3 Rfe8 16. Qd2 Rxe3 17. fxe3 h6 18. Ne1 Bf5 19. Nd3 Bxd3 20. Qxd3
Re8 21. Rf1 Qe6 22. Rf3 b6 23. Qb5 Rd8 24. Qd3 Ne7 25. Kf2 Rc8 26. h3 Qd6 27.
a3 Qc6 28. Ke1 f5 29. Kd2 g6 30. Qb5 Qd6 31. Qa6 Qc7 32. Qb5 Kg7 33. g4 Rd8 34.
Qf1 Qh2+ 35. Rf2 Qd6 36. Qg2 Qe6 37. Qg3 Rd7 38. Rf1 fxg4 39. hxg4 Nc6 40. Qf4
Qd6 41. Qxd6 Rxd6 42. b4 a6 43. Ne2 Ne7 44. Nf4 Rc6 45. Nd3 Rf6 46. Rc1 Rc6 47.
Rf1 Nc8 48. Nf4 Ne7 49. Nd3 Ng8 50. Ne5 Rc7 51. e4 dxe4 52. Ke3 Nf6 53. d5
Nxd5+ 54. Kxe4 Nc3+ 55. Kd4 Nb5+ 56. Kd5 Nxa3 57. Ke6 Nc2 58. Nd7 Nd4+ 59. Ke7
h5 60. gxh5 gxh5 61. Rg1+ Kh6 62. Kd6 Rc4 63. Kd5 Rxb4 64. Nf6 Rb5+ 65. Kxd4
Rg5 66. Ng8+ Kg6 67. Ne7+ Kf6 68. Ng8+ Kf5 69. Ne7+ Kf4 70. Rf1+ Kg3 71. Rg1+
Kf4 72. Rf1+ 1/2-1/2

[Event "Colin Crouch Masters 1st"]
[Site "Harrow High School"]
[Date "2016.04.04"]
[Round "3.12"]
[White "Hill, Alistair"]
[Black "Kalavannan, Koby"]
[Result "1-0"]
[WhiteElo "2204"]
[BlackElo "2094"]
[PlyCount "99"]
[EventDate "2016.04.02"]
[EventType "swiss"]
[EventRounds "9"]
[EventCountry "ENG"]
[Source "John Saunders"]
[SourceDate "2016.04.28"]
[WhiteClock "0:47:14"]
[BlackClock "0:32:24"]

1. d4 Nf6 2. c4 g6 3. Nc3 Bg7 4. e4 d6 5. f3 O-O 6. Nge2 a6 7. a4 c5 8. d5 a5
9. Ng3 Na6 10. Be2 Nb4 11. O-O e5 12. dxe6 fxe6 13. Bg5 h6 14. Be3 Nd7 15. Rc1
Qb6 16. Qd2 Bd4 17. Kh1 h5 18. Rfd1 e5 19. Bh6 Qd8 20. Nb5 Ra6 21. Bxf8 Qxf8
22. Nxd4 cxd4 23. c5 Nxc5 24. Rxc5 dxc5 25. Bxa6 bxa6 26. Qg5 Qg7 27. Ne2 Be6
28. Nc1 Kh7 29. h3 c4 30. f4 d3 31. Qxe5 Qxe5 32. fxe5 Nc6 33. b3 Nxe5 34. bxc4
Bxc4 35. Kg1 g5 36. Kf2 Kg6 37. Ke3 Kf6 38. Nxd3 Bxd3 39. Rxd3 Nxd3 40. Kxd3
Ke5 41. Ke3 h4 42. Kf3 Kd4 43. Kg4 Kxe4 44. Kxg5 Kd4 45. Kxh4 Kc4 46. g4 Kb4
47. g5 Kxa4 48. g6 Kb4 49. g7 a4 50. g8=Q 1-0

[Event "Colin Crouch Masters 1st"]
[Site "Harrow High School"]
[Date "2016.04.04"]
[Round "3.13"]
[White "Fegan, Chris"]
[Black "Brzezinski, Adam"]
[Result "0-1"]
[WhiteElo "2079"]
[BlackElo "2203"]
[PlyCount "82"]
[EventDate "2016.04.02"]
[EventType "swiss"]
[EventRounds "9"]
[EventCountry "ENG"]
[Source "John Saunders"]
[SourceDate "2016.04.28"]
[WhiteClock "0:33:15"]
[BlackClock "0:40:27"]

1. Nf3 Nf6 2. d4 g6 3. c4 c5 4. Nc3 Bg7 5. e4 cxd4 6. Nxd4 d6 7. Be2 Nc6 8. Be3
Nxd4 9. Bxd4 O-O 10. O-O Be6 11. f4 Ne8 12. f5 Bd7 13. Nd5 Bxd4+ 14. Qxd4 Bc6
15. Rad1 Bxd5 16. exd5 Qb6 17. Qxb6 axb6 18. a3 Nf6 19. Rd3 Rfc8 20. Rb3 Nd7
21. fxg6 hxg6 22. Bg4 f5 23. Bxf5 gxf5 24. Rxf5 Nf6 25. Rxb6 Rxc4 26. Rxb7 Re4
27. h3 Rc8 28. b4 Rc2 29. b5 Ree2 30. Rg5+ Kf7 31. b6 Ne4 32. Rg4 Rc1+ 33. Kh2
Ree1 34. Rf4+ Kg6 35. Rg4+ Kf5 36. Rxe4 Rxe4 37. Rb8 Rb1 38. b7 Ke5 39. g4 Rb3
40. Kg2 Re2+ 41. Kf1 Rc2 0-1

[Event "Colin Crouch Masters 1st"]
[Site "Harrow High School"]
[Date "2016.04.04"]
[Round "3.14"]
[White "Kalaiyalahan, Akshaya"]
[Black "Psaila, Clarence"]
[Result "0-1"]
[WhiteElo "2212"]
[BlackElo "2067"]
[PlyCount "54"]
[EventDate "2016.04.02"]
[EventType "swiss"]
[EventRounds "9"]
[EventCountry "ENG"]
[Source "John Saunders"]
[SourceDate "2016.04.28"]
[WhiteClock "0:15:18"]
[BlackClock "0:07:19"]

1. d4 d5 2. c4 e6 3. g3 Nf6 4. Bg2 Be7 5. Nf3 O-O 6. Qc2 dxc4 7. Qxc4 a6 8. Bf4
Bd6 9. Ne5 Nd5 10. Nc3 b5 11. Qd3 Bb7 12. Nxd5 Bxd5 13. e4 Bxe5 14. Bxe5 Bc4
15. Qc3 Nd7 16. b3 Nxe5 17. dxe5 Qd3 18. Qb2 Rfd8 19. bxc4 Rd4 20. Rg1 bxc4 21.
Rc1 Rad8 22. Rf1 c3 23. Qxc3 Qb5 24. f4 Rd3 25. Qc5 Rd1+ 26. Kf2 R8d2+ 27. Kg1
Rxg2+ 0-1

[Event "Colin Crouch Masters 1st"]
[Site "Harrow High School"]
[Date "2016.04.04"]
[Round "3.16"]
[White "Golding, James"]
[Black "Brozel, Sacha"]
[Result "1/2-1/2"]
[WhiteElo "2095"]
[BlackElo "1981"]
[PlyCount "111"]
[EventDate "2016.04.02"]
[EventType "swiss"]
[EventRounds "9"]
[EventCountry "ENG"]
[Source "John Saunders"]
[SourceDate "2016.04.28"]
[WhiteClock "0:33:46"]
[BlackClock "0:20:53"]

1. d4 e6 2. c4 Nf6 3. Nf3 Bb4+ 4. Bd2 c5 5. Bxb4 cxb4 6. Nbd2 O-O 7. g3 d6 8.
Bg2 Qe7 9. e4 e5 10. d5 Ne8 11. O-O f5 12. Ne1 f4 13. Nd3 g5 14. g4 a5 15. f3
Na6 16. Rc1 b6 17. Kf2 Nf6 18. Qe2 h5 19. h3 h4 20. Kg1 Nd7 21. Nb3 Bb7 22. Rc2
Rfc8 23. Rfc1 Ndc5 24. Ndxc5 Nxc5 25. Nxc5 Rxc5 26. Bf1 Rac8 27. Qd2 Ba6 28.
Bd3 Qb7 29. Qe2 R8c7 30. Kh1 Qc8 31. Kg1 b5 32. cxb5 Bxb5 33. Rxc5 Rxc5 34.
Rxc5 Qxc5+ 35. Kg2 Bd7 36. b3 a4 37. Bc4 a3 38. Qf2 Qxf2+ 39. Kxf2 Kf8 40. Ke2
Ke7 41. Kd3 Kd8 42. Kd2 Kc7 43. Kc2 Kb6 44. Kd2 Kc5 45. Kd3 Bc8 46. Kc2 Kd4 47.
Kd2 Bd7 48. Be2 Kc5 49. Bc4 Kd4 50. Be2 Ba4 51. Bc4 Bd7 52. Be2 Bc8 53. Bc4 Bd7
54. Be2 Be8 55. Bf1 Bd7 56. Be2 1/2-1/2

[Event "Colin Crouch Masters 1st"]
[Site "Harrow High School"]
[Date "2016.04.04"]
[Round "3.17"]
[White "Golding, Alex"]
[Black "Armstrong, William G"]
[Result "1-0"]
[WhiteElo "1994"]
[BlackElo "1868"]
[PlyCount "89"]
[EventDate "2016.04.02"]
[EventType "swiss"]
[EventRounds "9"]
[EventCountry "ENG"]
[Source "John Saunders"]
[SourceDate "2016.04.28"]

1. e4 c5 2. Nf3 d6 3. d4 cxd4 4. Nxd4 Nf6 5. Nc3 a6 6. Be3 g6 7. Qd2 Ng4 8. Bg5
h6 9. Bh4 Bg7 10. O-O-O Nc6 11. Nb3 b6 12. h3 Nf6 13. f4 O-O 14. g4 Bb7 15. Bg2
Qc7 16. Bxf6 exf6 17. Qxd6 Qxd6 18. Rxd6 Rad8 19. Rxd8 Rxd8 20. Nd5 Na5 21.
Nxa5 bxa5 22. c4 Bxd5 23. cxd5 Rc8+ 24. Kd2 Rb8 25. b3 a4 26. Kc3 Rc8+ 27. Kd3
axb3 28. axb3 Bf8 29. Ra1 Bb4 30. Rxa6 Rc3+ 31. Kd4 Rg3 32. Kc4 Bf8 33. Ra2 Bd6
34. b4 Bxf4 35. b5 Be5 36. b6 Rc3+ 37. Kb5 Kf8 38. Ka6 Rb3 39. Bf1 Ke7 40. Bb5
Kd8 41. b7 Bb8 42. d6 Rb1 43. Kb6 Rd1 44. Ra8 Rxd6+ 45. Bc6 1-0

[Event "Colin Crouch Masters 1st"]
[Site "Harrow High School"]
[Date "2016.04.04"]
[Round "3.18"]
[White "De Paolis, Fabrizio"]
[Black "Moreby, James"]
[Result "1-0"]
[WhiteElo "1878"]
[BlackElo "2008"]
[PlyCount "105"]
[EventDate "2016.04.02"]
[EventType "swiss"]
[EventRounds "9"]
[EventCountry "ENG"]
[Source "John Saunders"]
[SourceDate "2016.04.28"]
[WhiteClock "0:07:32"]
[BlackClock "0:12:10"]

1. d4 Nf6 2. c4 e6 3. Nf3 c5 4. d5 b5 5. Bg5 exd5 6. cxd5 h6 7. Bxf6 Qxf6 8.
Qc2 d6 9. e4 a6 10. a4 b4 11. Nbd2 Bg4 12. e5 dxe5 13. Ne4 Qf4 14. Nfd2 Bf5 15.
Bd3 Bxe4 16. Nxe4 Nd7 17. g3 Qg4 18. h3 Qh5 19. d6 Rb8 20. g4 Qg6 21. Nxc5 Qxd6
22. Nxa6 Rb6 23. Nc7+ Kd8 24. Nb5 Qc6 25. Qxc6 Rxc6 26. O-O Nc5 27. Rac1 Ra6
28. Rfd1 Nxd3 29. Rxd3+ Ke7 30. b3 Kf6 31. Rd7 Kg6 32. Rc8 f6 33. Rdd8 Kf7 34.
Kg2 g6 35. Nc7 Rc6 36. Rd7+ Kg8 37. Rdd8 Kf7 38. Nd5 Rxc8 39. Rxc8 Rg8 40. Kf3
f5 41. Rc4 Bd6 42. a5 Rb8 43. Nb6 Rb7 44. Rc6 Be7 45. a6 e4+ 46. Ke2 Ra7 47.
Nc8 Ra8 48. Nxe7 Kxe7 49. Rxg6 fxg4 50. hxg4 Kf7 51. Rxh6 Kg7 52. Rb6 Kf7 53.
Ke3 1-0

[Event "Colin Crouch Masters 1st"]
[Site "Harrow High School"]
[Date "2016.04.04"]
[Round "3.20"]
[White "Robinson, Nette"]
[Black "Topal, M Onat"]
[Result "0-1"]
[WhiteElo "1501"]
[BlackElo "1998"]
[PlyCount "68"]
[EventDate "2016.04.02"]
[EventType "swiss"]
[EventRounds "9"]
[EventCountry "ENG"]
[Source "John Saunders"]
[SourceDate "2016.04.28"]
[WhiteClock "0:08:57"]
[BlackClock "0:33:43"]

1. e4 c6 2. d4 d5 3. Nc3 dxe4 4. Nxe4 Nd7 5. Ne2 Ngf6 6. N2c3 e6 7. a3 Be7 8.
Be2 Qc7 9. O-O O-O 10. Bg5 Re8 11. Qd2 h6 12. Bh4 Nxe4 13. Nxe4 Bxh4 14. Rfe1
Be7 15. Rad1 Nf6 16. Qd3 Nxe4 17. Qxe4 b6 18. Bd3 g6 19. Qe3 Bf8 20. Be4 Bb7
21. c3 Rad8 22. h4 e5 23. Qg3 Bd6 24. Qe3 Kg7 25. g4 exd4 26. cxd4 Qe7 27. g5
hxg5 28. hxg5 Qe6 29. Qf3 Bc7 30. Re3 Qd6 31. Qh1 Rh8 32. Rh3 Qf4 33. Qg2 Rxh3
34. Qxh3 Qxe4 0-1

[Event "Colin Crouch Masters 1st"]
[Site "Harrow High School"]
[Date "2016.04.04"]
[Round "3.23"]
[White "Ross, Chris N"]
[Black "Rice, Chris B"]
[Result "1/2-1/2"]
[WhiteElo "2194"]
[BlackElo "2038"]
[PlyCount "94"]
[EventDate "2016.04.02"]
[EventType "swiss"]
[EventRounds "9"]
[EventCountry "ENG"]
[Source "John Saunders"]
[SourceDate "2016.04.28"]

1. e4 e6 2. e5 d5 3. exd6 cxd6 4. d4 Nf6 5. Nf3 Be7 6. Bd3 O-O 7. O-O b6 8. Re1
Bb7 9. Nbd2 Nbd7 10. Nf1 Qc7 11. Ng3 Rfe8 12. c3 a6 13. Bd2 b5 14. a4 Bc6 15.
axb5 axb5 16. Qe2 Qb7 17. Rxa8 Rxa8 18. Ng5 Nf8 19. f3 Ra2 20. Bc1 Ra1 21. Bd2
Ra2 22. Bc1 Ra1 23. N5e4 Nd5 24. Bg5 Rxe1+ 25. Qxe1 Bxg5 26. Nxg5 h6 27. N5e4
Qd7 28. Qa1 f5 29. Nf2 Ng6 30. Qe1 Ngf4 31. Bf1 Kf7 32. Nd3 Nxd3 33. Bxd3 Nf4
34. Bc2 Qa7 35. Qb1 g6 36. h4 Kf6 37. Kh2 Bd7 38. Bb3 g5 39. hxg5+ hxg5 40. Nf1
Bc6 41. Qe1 Qh7+ 42. Kg1 g4 43. Qd2 Qh6 44. d5 gxf3 45. g3 Nh3+ 46. Kh1 Nf2+
47. Kg1 Nh3+ 1/2-1/2

[Event "Colin Crouch Masters 1st"]
[Site "Harrow High School"]
[Date "2016.04.05"]
[Round "4.1"]
[White "Gareyev, Timur"]
[Black "Vakhidov, Jahongir"]
[Result "0-1"]
[WhiteElo "2611"]
[BlackElo "2576"]
[PlyCount "60"]
[EventDate "2016.04.02"]
[EventType "swiss"]
[EventRounds "9"]
[EventCountry "ENG"]
[Source "John Saunders"]
[SourceDate "2016.04.28"]
[WhiteClock "0:06:08"]
[BlackClock "0:12:06"]

1. d4 Nf6 2. Bg5 Ne4 3. h4 c5 4. dxc5 Na6 5. Qd4 Nexc5 6. Nc3 f6 7. Be3 e5 8.
Qd2 b5 9. Bxc5 Nxc5 10. e3 Bb7 11. Bxb5 Bxg2 12. Rh2 Bc6 13. O-O-O Rb8 14. Bxc6
dxc6 15. Qxd8+ Rxd8 16. Rxd8+ Kxd8 17. h5 Ke7 18. Rh4 Kf7 19. Nge2 Be7 20. b4
Nd7 21. Rc4 Rc8 22. b5 Bc5 23. Ra4 f5 24. Ra6 Bb6 25. Ra4 Ke6 26. Ng3 Nf6 27.
Rc4 Ng4 28. Na4 Nxf2 29. Nc5+ Kd5 30. Nb7 Rc7 0-1

[Event "Colin Crouch Masters 1st"]
[Site "Harrow High School"]
[Date "2016.04.05"]
[Round "4.2"]
[White "Santos Ruiz, Miguel"]
[Black "Berkes, Ferenc"]
[Result "0-1"]
[WhiteElo "2422"]
[BlackElo "2644"]
[PlyCount "118"]
[EventDate "2016.04.02"]
[EventType "swiss"]
[EventRounds "9"]
[EventCountry "ENG"]
[Source "John Saunders"]
[SourceDate "2016.04.28"]
[WhiteClock "0:14:19"]
[BlackClock "0:10:03"]

1. e4 c6 2. Nc3 d5 3. Nf3 Bg4 4. h3 Bxf3 5. Qxf3 Nf6 6. d4 dxe4 7. Qe3 e6 8.
Nxe4 Nxe4 9. Qxe4 Nd7 10. c3 Nf6 11. Qf3 Qd5 12. Be2 Bd6 13. O-O O-O 14. g3
Rad8 15. Re1 h6 16. Kg2 a6 17. Bd1 Rd7 18. Bb3 Qxf3+ 19. Kxf3 Rfd8 20. Be3 Nd5
21. Rad1 Nxe3 22. Kxe3 g5 23. Ke2 Kg7 24. Rd3 h5 25. Kf3 Be7 26. Rde3 Kf6 27.
Ke4 c5 28. Rd1 b5 29. Bc2 cxd4 30. cxd4 Kg7 31. Red3 f5+ 32. Ke3 Rxd4 33. Rxd4
Bc5 34. g4 Kf6 35. gxf5 exf5 36. f4 gxf4+ 37. Kxf4 Bxd4 38. Kf3 a5 39. a4 b4
40. Bb3 h4 41. Ba2 Rd7 42. Rd2 Rd8 43. Rd1 Ke5 44. Re1+ Kd6 45. Rd1 Kc5 46.
Rc1+ Kb6 47. Rd1 Rd6 48. Rd2 Kc6 49. Rd1 Bxb2 50. Rxd6+ Kxd6 51. Ke3 Ke5 52.
Bb3 Bd4+ 53. Kd3 Bb6 54. Bf7 f4 55. Bh5 b3 56. Kc3 Ke4 57. Kxb3 f3 58. Kc2 Ke3
59. Kd1 Kf2 0-1

[Event "Colin Crouch Masters 1st"]
[Site "Harrow High School"]
[Date "2016.04.05"]
[Round "4.3"]
[White "Fodor, Tamas Jr"]
[Black "Gormally, Daniel W"]
[Result "1-0"]
[WhiteElo "2505"]
[BlackElo "2490"]
[PlyCount "161"]
[EventDate "2016.04.02"]
[EventType "swiss"]
[EventRounds "9"]
[EventCountry "ENG"]
[Source "John Saunders"]
[SourceDate "2016.04.28"]
[WhiteClock "0:16:55"]
[BlackClock "0:16:51"]

1. d4 d5 2. c4 dxc4 3. Nf3 Nf6 4. e3 Bg4 5. Bxc4 e6 6. Nc3 a6 7. h3 Bh5 8. g4
Bg6 9. Ne5 Nbd7 10. Nxg6 hxg6 11. Bf1 Bd6 12. Bg2 Rb8 13. e4 e5 14. dxe5 Bxe5
15. Be3 Qe7 16. Qc2 O-O 17. O-O c6 18. Rae1 Rfe8 19. f4 Bxc3 20. Qxc3 Rbd8 21.
Bf2 g5 22. fxg5 Nh7 23. g6 fxg6 24. Qb3+ Qe6 25. Qxb7 Rb8 26. Qxa6 Rxb2 27. Re2
Nb8 28. Qd3 Rxa2 29. Rxa2 Qxa2 30. e5 Qe6 31. Bg3 Nd7 32. Qc3 Nb8 33. Rd1 Nf8
34. Bf1 Kh8 35. Bc4 Qe7 36. Qe3 Nbd7 37. e6 Qb4 38. Ba2 Qb2 39. e7 Rxe7 40.
Qxe7 Qxa2 41. Rxd7 Qb1+ 42. Kf2 Qc2+ 43. Ke3 Nxd7 44. Qxd7 Qc1+ 45. Qd2 Qf1 46.
Qd3 Qc1+ 47. Kf3 Qg5 48. Qc4 Qf6+ 49. Kg2 Kh7 50. Bf2 Qd6 51. Qe4 Qf6 52. Bd4
Qd6 53. Qe5 Qd7 54. Kf2 Qf7+ 55. Ke1 Kg8 56. Qb8+ Kh7 57. Qa7 Qf8 58. Ke2 Qe8+
59. Kd2 Qf8 60. Kc2 Qg8 61. Kc3 Qf8 62. Kc2 Qg8 63. Bc3 Qf8 64. Qc7 c5 65. Qe5
c4 66. Qc7 Qg8 67. Kb2 Qf8 68. Qxc4 Qb8+ 69. Kc1 Qg3 70. Qd4 Qc7 71. Kd1 Qf7
72. Ke2 Qb7 73. Kf2 Qf7+ 74. Kg3 Qc7+ 75. Qe5 Qf7 76. g5 Qd7 77. Qxg7+ Qxg7 78.
Bxg7 Kxg7 79. Kf4 Kf7 80. Ke5 Ke7 81. h4 1-0